លក្ខណះជីវសាស្រ្តនិងការដាំដុះដើមកោងកាងនៅក្រុងព្រះសីហនុនិងខេត្តកំពត (Record no. 3568)

000 -LEADER
fixed length control field 00604nam a22001577a 4500
003 - CONTROL NUMBER IDENTIFIER
control field OSt
005 - DATE AND TIME OF LATEST TRANSACTION
control field 20151118093850.0
008 - FIXED-LENGTH DATA ELEMENTS--GENERAL INFORMATION
fixed length control field 151118b xxu||||| |||| 00| 0 eng d
040 ## - CATALOGING SOURCE
Transcribing agency RUA
082 ## - DEWEY DECIMAL CLASSIFICATION NUMBER
Classification number FIS ថាត់​​ 1993 B152 Or.1
100 ## - MAIN ENTRY--PERSONAL NAME
9 (RLIN) 3836
Personal name ថាត់ សុវណ្ណរិទ្ធ
245 ## - TITLE STATEMENT
Title លក្ខណះជីវសាស្រ្តនិងការដាំដុះដើមកោងកាងនៅក្រុងព្រះសីហនុនិងខេត្តកំពត
260 ## - PUBLICATION, DISTRIBUTION, ETC. (IMPRINT)
Place of publication, distribution, etc. Phnom Penh
Name of publisher, distributor, etc. RUA
Date of publication, distribution, etc. 1993
300 ## - PHYSICAL DESCRIPTION
Extent 108p.
Other physical details ill.
Dimensions 29cm.
942 ## - ADDED ENTRY ELEMENTS (KOHA)
Source of classification or shelving scheme
Koha item type FIS
Holdings
Price effective from Date last seen Permanent Location Not for loan Date acquired Source of classification or shelving scheme Koha item type Barcode Lost status Damaged status Shelving location Withdrawn status Current Location Full call number
2015-11-182015-11-18Library Block B 2015-11-18 FISRUA020546  B152 Library Block BFIS ថាត់​​ 1993 B152 Or.1
2015-11-182015-11-18Library Block B 2015-11-18 FISRUA020688  B152 Library Block BFIS ថាត់​​ 1993 B152 Or.2
2015-11-182015-11-18Library Block B 2015-11-18 FISRUA020616  B152 Library Block BFIS ថាត់​​ 1993 B152 Or.3
2015-11-182015-11-18Library Block B 2015-11-18 FISRUA020545  B152 Library Block BFIS ថាត់​​ 1993 B152 Or.4
2015-11-182015-11-18Library Block B 2015-11-18 FISRUA012203  B152 Library Block BFIS ថាត់​​ 1993 B152 Or.5
2015-11-182015-11-18Library Block B 2015-11-18 FISRUA012131  B152 Library Block BFIS ថាត់​​ 1993 B152 Or.6
2015-11-182015-11-18Library Block B 2015-11-18 FISRUA020401  B152 Library Block BFIS ថាត់​​ 1993 B152 Or.7
2015-11-182015-11-18Library Block B 2015-11-18 FISRUA020473  B152 Library Block BFIS ថាត់​​ 1993 B152 Or.8
2015-11-182015-11-18Library Block B 2015-11-18 FISRUA020544  B152 Library Block BFIS ថាត់​​ 1993 B152 Or.9
2015-11-182015-11-18Library Block B 2015-11-18 FISRUA020609  B152 Library Block BFIS ថាត់​​ 1993 B152 Or.10
2015-11-182015-11-18Library Block B 2015-11-18 FISRUA020681  B152 Library Block BFIS ថាត់​​ 1993 B152 Or.11
2015-11-182015-11-18Library Block B 2015-11-18 FISRUA020400  B152 Library Block BFIS ថាត់​​ 1993 B152 Or.12
2015-11-182015-11-18Library Block B 2015-11-18 FISRUA020465  B152 Library Block BFIS ថាត់​​ 1993 B152 Or.13
2015-11-182015-11-18Library Block B 2015-11-18 FISRUA020536  B152 Library Block BFIS ថាត់​​ 1993 B152 Or.14
2015-11-182015-11-18Library Block B 2015-11-18 FISRUA020537  B152 Library Block BFIS ថាត់​​ 1993 B152 Or.15
មជ្ឈមណ្ឌលឯការនៃសាកលវិទ្យាល័យភូមិន្ទកសិកម្មចំការដូង

Powered by Koha